Regulating Cartels in Europe : (Record no. 619722)

MARC details
000 -LEADER
fixed length control field 00510nam a2200193 a 4500
008 - FIXED-LENGTH DATA ELEMENTS--GENERAL INFORMATION
fixed length control field 260424s2003##################000#0#eng##
020 ## - INTERNATIONAL STANDARD BOOK NUMBER
ISBN 9780199242443
082 04 - DEWEY DECIMAL CLASSIFICATION NUMBER
Classification number 346.4
Item number HAR
100 1# - MAIN ENTRY--AUTHOR NAME
Personal name Harding, Christopher,
245 10 - TITLE STATEMENT
Title Regulating Cartels in Europe :
260 ## - PUBLICATION, DISTRIBUTION, ETC. (IMPRINT)
Name of publisher Oxford University Press, USA,
Year of publication 2003.
300 ## - PHYSICAL DESCRIPTION
Number of Pages 338 pages
650 #0 - SUBJECT ADDED ENTRY--TOPICAL TERM
Topical Term Law.
942 ## - ADDED ENTRY ELEMENTS (KOHA)
Koha item type English Books
Holdings
Withdrawn status Lost status Damaged status Not for loan Home library Current library Date acquired Full call number Accession Number Price effective from Koha item type
        Anna Centenary Library Anna Centenary Library 24.04.2026 346.4 HAR 188353 24.04.2026 English Books

Find us on the map